Set theory and related topics : theory and problems
Gorde:
| Egile nagusia: | |
|---|---|
| Formatua: | Liburua |
| Hizkuntza: | English |
| Argitaratua: |
New York, New York : McGraw-Hill
1964.
|
| Saila: | Schaum’s outline series
|
| Gaiak: | |
| Etiketak: |
Etiketa erantsi
Etiketarik gabe, Izan zaitez lehena erregistro honi etiketa jartzen!
|
MARC
| LEADER | 00000nam a2200000Ia 4500 | ||
|---|---|---|---|
| 003 | 000709 | ||
| 005 | 20221231143954.0 | ||
| 008 | 140114s1964 nyua 000 ||eng d | ||
| 040 | |c cru CEDI | ||
| 082 | |a 512.817 L767s | ||
| 100 | |a Lipschutz, Seymour |9 19873 | ||
| 245 | |a Set theory and related topics : theory and problems | ||
| 260 | |a New York, New York : McGraw-Hill |c 1964. | ||
| 300 | |a 233 páginas : ilustraciones ; 28 cm. | ||
| 440 | |a Schaum’s outline series |9 19116 | ||
| 650 | |x TEORIA DE CONJUNTOS |x PROBLEMAS, EJERCICIOS, ETC. |9 20528 | ||
| 942 | |2 ddc |c BK | ||
| 999 | |c 15007 |d 15007 | ||
